Municipalities of Tianjin City - Statistics

General Stats
  • This quiz has been taken 15 times
  • The average score is 14 of 16
Answers on the Map
Answers color-coded by a green-red scale on the quiz's map according to % correct below.
 
Answer Stats
Answer % Correct
Binhai New 滨海新
100%
Beichen 北辰
90%
Dongli 东丽
90%
Hedong 河东
90%
Heping 和平
90%
Jinghai 静海
90%
Jinnan 津南
90%
Nankai 南开
90%
Ninghe 宁河
90%
Baodi 宝坻
80%
Hebei 河北
80%
Hexi 河西
80%
Hongqiao 红桥
80%
Jizhou 蓟州
80%
Wuqing 武清
80%
Xiqing 西青
80%
No matching quizzes found
Score Distribution
Percent of People with Each Score
Percentile by Number Answered
Your Score History
You have not taken this quiz